000 00305nam a22001337a 4500
008 170926b xxu||||| |||| 00| 0 eng d
020 _a1413006620
041 _aeng
080 _22ND
_a37
100 _a46
101 _aEDU
245 _aTHE WRITER'S HARBRACE HANDBOOK BRIEF
_cGLENN,CH
942 _2udc
_cBK
999 _c29750
_d29750